ARRUPE JESUIT UNIVERSITY

CORONAVIRUS -STOP THE SPREAD - CLEAN,DISINFECT,COVER

The State (Record no. 118827)

MARC details
000 -LEADER
fixed length control field 00508nam a22001577a 4500
008 - FIXED-LENGTH DATA ELEMENTS--GENERAL INFORMATION
fixed length control field 131128b xxu||||| |||| 00| 0 eng d
050 ## - LIBRARY OF CONGRESS CALL NUMBER
Classification number JC336.O6213
100 ## - MAIN ENTRY--PERSONAL NAME
Personal name Oppenheimer, Franz
Dates associated with a name 1864-1943
9 (RLIN) 4329
245 ## - TITLE STATEMENT
Title The State
Statement of responsibility, etc Franz Oppenheimer and John Milton Gitterman
260 ## - PUBLICATION, DISTRIBUTION, ETC. (IMPRINT)
Name of publisher, distributor, etc Bibliolife
Date of publication, distribution, etc originally published in 1913
300 ## - PHYSICAL DESCRIPTION
Extent v, 320p.;
Other physical details 23cm.
500 ## - GENERAL NOTE
General note Published originally in 1913
650 ## - SUBJECT ADDED ENTRY--TOPICAL TERM
Topical term or geographic name as entry element State, The
9 (RLIN) 4330
700 ## - ADDED ENTRY--PERSONAL NAME
Personal name Gitterman, John Milton
9 (RLIN) 4331
942 ## - ADDED ENTRY ELEMENTS (KOHA)
Source of classification or shelving scheme Library of Congress Classification
Item type Monograph ( Printed materials)
Koha issues (borrowed), all copies 6
Holdings
Withdrawn status Lost status Source of classification or shelving scheme Damaged status Not for loan Home library Current library Shelving location Date acquired Total Checkouts Full call number Barcode Date last seen Date last borrowed Price effective from Koha item type
    Library of Congress Classification     ARRUPE LIBRARY ARRUPE LIBRARY Main Collection 28/11/2013 8 JC336.O6213 46500000098 30/11/2018 13/11/2018 28/11/2013 Monograph ( Printed materials)

 

Arrupe Library. PO Box MP320 Mt Pleasant, Harare, Zimbabwe
263 242 745411|librarian@aju.ac.zw